CO ZJADAMY WPROST Z OPAKOWANIA? - Statystyki

Ogólne statystyki
  • Ten quiz został rozwiązany 69 razy
  • Średni wynik to 3 z 7
Statystyki odpowiedzi
Odpowiedź % Poprawnych
CHIPSY
89%
PALUSZKI
45%
ŻELKI
43%
JOGURT
39%
LODY
36%
SŁODYCZE
25%
POPCORN
14%
Nie znaleziono quizów pasujących do podanych kryteriów
Rozkład punktacji
Procent ludzi z każdym wynikiem
Percentyl według liczby udzielonych odpowiedzi
Twoja historia wyników
Nie rozwiązałeś tego quizu